| 000 | 00533nam a22001697a 4500 | ||
|---|---|---|---|
| 020 | _qHBK. | ||
| 082 | _a658 | ||
| 100 | _aSaleem, Marzia | ||
| 245 |
_aImpact of Worklife Balance in Banking Sector of Pakistan / _cMarzia Saleem. |
||
| 260 |
_aIslamabad: _bNBS - NUST, _c2015. |
||
| 300 |
_a48 p. : ill. ; _c30cm. |
||
| 650 |
_aMBA Thesis. _917629 |
||
| 700 |
_aSir. Asad Amjad. _918231 |
||
| 856 | _uhttp://10.250.8.41:8080/xmlui/handle/123456789/2584 | ||
| 942 |
_2ddc _cTHE |
||
| 999 |
_c527659 _d527659 |
||